|
|
|
|
| LEADER |
00000cam a2200000 7i4500 |
| 001 |
0000000714 |
| 005 |
20000925.0 |
| 020 |
0 |
0 |
|a 9839119389
|
| 090 |
0 |
0 |
|a 363.709595
|b ENV 1995
|
| 245 |
0 |
0 |
|a ENVIRONMENTAL impact assessment guidelines for fishing harbours and/or land based aquaculture projects
|
| 260 |
0 |
0 |
|a Kuala Lumpur :
|b Jabatan Alam Sekitar ,
|c 1995
|
| 300 |
|
|
|a 1 v. ;
|c 30 cm.
|
| 650 |
0 |
0 |
|a Aquaculture
|x Environmental aspects
|
| 650 |
0 |
0 |
|a Environmental impact analysis
|z Malaysia
|
| 650 |
0 |
0 |
|a Environmental monitoring
|z Malaysia
|
| 650 |
0 |
0 |
|a Environmental protection
|z Malaysia
|
| 710 |
1 |
1 |
|a Malaysia ,
|c Jabatan Alam Sekitar
|
| 999 |
|
|
|a 0000000614
|b Monograph
|c Open Shelf
|e Default branch
|
| 999 |
|
|
|a 0000005990
|b Monograph
|c Open Shelf
|e Default branch
|